Die 135 beliebtesten ♂ ♀ Vornamen in Finnland - Statistiken

Allgemein
  • Dieses Quiz wurde 29 mal gespielt
  • Das Durchschnittsergebnis liegt bei 14 aus 137
Antwortstatistiken
♀ / ♂ Name % Korrekt
Jungen - - > | Mädchen - - > ⤵️
100%
L3 Leo
41%
O6 Olivia
41%
E4 Elli
36%
E4 Ella
32%
E4 Emil
32%
E4 Emma
32%
E4 Elin
27%
E5 Ellen
27%
E6 Emilia
27%
L4 Luka
27%
S5 Sofia
27%
A4 Aada
23%
D6 Daniel
23%
E5 Elias
23%
A4 Aino
18%
A5 Anton
18%
B8 Benjamin
18%
J6 Julius
18%
M4 Milo
18%
N5 Niilo
18%
N6 Niklas
18%
R5 Ronja
18%
S6 Samuel
18%
A5 Aaron
14%
A4 Adam
14%
A6 Alfred
14%
A5 Alisa
14%
A4 Alma
14%
E4 Eevi
14%
E4 Enni
14%
I4 Isla
14%
J4 Joel
14%
M4 Mila
14%
N4 Noel
14%
O6 Oliver
14%
R6 Rasmus
14%
S6 Stella
14%
T4 Theo
14%
V5 Väinö
14%
A4 Aava
9%
A5 Agnes
9%
A5 Alina
9%
C5 Clara
9%
E6 Eemeli
9%
E4 Elsa
9%
F5 Felix
9%
H5 Helmi
9%
H5 Hilla
9%
H4 Hugo
9%
I4 Iida
9%
I5 Ilona
9%
L4 Leah
9%
L5 Leevi
9%
L5 Lenni
9%
L4 Linn
9%
L5 Livia
9%
L5 Lucas
9%
M6 Martta
9%
M6 Matias
9%
M7 Matilda
9%
N5 Nella
9%
N4 Nooa
9%
O4 Oiva
9%
O4 Oona
9%
S5 Siiri
9%
V5 Venla
9%
V7 Viljami
9%
V5 Viola
9%
A4 Aapo
5%
A5 Adele
5%
A6 Astrid
5%
A6 Aurora
5%
E5 Eemil
5%
E4 Eino
5%
F5 Frida
5%
H6 Hertta
5%
K6 Kasper
5%
K6 Kerttu
5%
L4 Liam
5%
L6 Linnea
5%
M5 Mette
5%
M5 Minea
5%
N5 Neela
5%
O4 Otso
5%
P5 Pihla
5%
S5 Selma
5%
V7 Vanessa
5%
V6 Veikko
5%
V5 Viivi
5%
V5 Vilho
5%
V5 Vilma
5%
W5 Wilma
5%
A5 Aarni
0%
A5 Aatos
0%
A6 Adrian
0%
A5 Alvar
0%
A6 Amanda
0%
A4 Amos
0%
A4 Axel
0%
E4 Ebba
0%
E5 Edith
0%
E5 Edvin
0%
E4 Eeli
0%
E5 Eelis
0%
E4 Eetu
0%
E5 Einar
0%
E5 Elise
0%
E4 Elsi
0%
E6 Elvira
0%
F5 Filip
0%
F5 Frans
0%
F5 Freja
0%
H5 Hilda
0%
H5 Hilma
0%
I4 Iivo
0%
I4 Ivar
0%
J6 Jasper
0%
J4 Jooa
0%
L5 Lilja
0%
L4 Lumi
0%
M3 Max
0%
M6 Mikael
0%
M2 My
0%
O4 Ooni
0%
S4 Saga
0%
S5 Saimi
0%
S5 Seela
0%
S5 Signe
0%
S6 Sigrid
0%
T5 Toivo
0%
T4 Tove
0%
U4 Urho
0%
V5 Veeti
0%
V5 Viggo
0%
W7 William
0%
Keine übereinstimmenden Quizze gefunden
Verteilung der Resultate
Anzahl Personen mit jedem Resultat
Perzentil nach korrekt beantworteten Fragen
Ihre Resultats-Entwicklung
Sie haben dieses Quiz noch nicht gespielt